Special Issue: The Discourse of Judging vol. 58

Detalles Bibliográficos
Autor principal: Sarat, Austin
Formato: eBook
Lenguaje:inglés
Publicado: Bingley: Emerald Group Publishing Limited, 2012
Materias:
Acceso en línea:Acceso restringido

MARC

LEADER 00000nam a22000007a 4500
005 20210222223140.0
007 cr|||| |||
008 210222s2012 us |||||s|||| 00||0 eng d
020 |a 978-1-78052-870-0 
035 |a 32021 
040 |a vLex 
090 |c 11200  |d 11200 
100 1 |a Sarat, Austin 
245 1 0 |a Special Issue: The Discourse of Judging  |h [Recurso electrn̤ico] /  |c Austin Sarat  |n vol. 58 
256 |a Servicio en ln̕ea 
260 |a Bingley:  |b Emerald Group Publishing Limited,  |c 2012 
300 |a 1 recurso electrn̤ico 
506 1 |a Disponible solo en los productos indicados  |d vLex Global  |d vLex Global (Academic Edition, excluding Law Schools)  |d vLex Global (Academic Edition, Law Schools) 
650 0 4 |a Ciencias sociales  |z Estados Unidos 
740 0 |a vLex Libros (Servicio en ln̕ea) 
856 4 0 |u http://vlex.com/source/32021  |z Acceso restringido 
942 |c BOOK 
999 0 |a Social Sciences